Fiesta en noviembre /

Guardado en:
Autor Principal: Mallea, Eduardo
Formato: Libro
Publicado: Buenos Aires : Losada, 1949
Edición:2a. ed.
Series:Biblioteca Contemporánea
Materias:
Etiquetas: Agregar Etiqueta
Sin Etiquetas, Sea el primero en etiquetar este registro!
LEADER 00587nam a22002175a 4500
001 CEM.cems004098
005 20060216000000.0
008 130507s1949##################000#0#####d
003 CEMS
082 0 4 |a A863.4 
100 1 |a Mallea, Eduardo 
245 1 0 |a Fiesta en noviembre / 
250 |a 2a. ed. 
260 |a Buenos Aires :  |b Losada,  |c 1949 
300 |a 168 p. 
490 0 |a Biblioteca Contemporánea 
653 |a Literatura 
653 |a Literatura argentina 
653 |a Novela argentina-siglo 20 
653 |a Novelas 
859 |a CEMS  |b BIB. CEMS - 11 de abril  |h A863.4  |i M295a2  |p 9000.81  |t Ej.1